000 00907nam a22002897a 4500
001 BR2013008838
003 BR-BrBNA
005 20230928104312.0
007 ta
008 230509b bl.||||| |||| 00| 0 por d
040 _aBR-BrBNA
_bpor
_cBiblioteca Nacional de Agricultura
041 _a(Por)
072 _aF30
_b0336
090 _ 0336 BR2013008838
100 1 _aBohrer, T.R.J.
110 1 _aUniversidade Estadual de Londrina, PR (Brasil)
_0Tese (Mestrado)
_910648
245 1 _aAvaliação de cultivares de soja Glycine max L. Merr. para a fixação biológica do nitrogênio
260 3 _aLondrina, PR (Brasil):
_c1996.
300 _a125 p.
500 _aBibliography p. 93-121; Summaries (Eng, Por); 6 illus.; 17 tables
650 _aVARIEDADE
650 _aSOJA
650 _aGLYCINE MAX
650 _aFIXAÇÃO DE NITROGÊNIO
909 _a202309
_bLucia
_c55
_dLucia Elande
942 _cBK
999 _c79185
_d79185